Ảnh hưởng tập quán tưới đến năng suất lúa ở vùng Đồng Tháp Mười : Luận văn tốt nghiệp Cao học. Chuyên ngành Quản lý tài nguyên và môi trường
Đánh giá ảnh hưởng phương thức quản lý nước tưới của người dân đến năng suất lúa, từ đó đề xuất giải pháp tưới tiết kiệm, hiệu quả trong sản xuất lúa ở Đồng Tháp Mười.
Gardado en:
| Autor Principal: | |
|---|---|
| Formato: | Libro |
| Idioma: | Undetermined |
| Publicado: |
Cần Thơ
Trường Đại học Cần Thơ
2014
|
| Những chủ đề: | |
| Các nhãn: |
Engadir etiqueta
Sen Etiquetas, Sexa o primeiro en etiquetar este rexistro!
|
| Thư viện lưu trữ: | Trung tâm Học liệu Trường Đại học Cần Thơ |
|---|
| LEADER | 01166nam a2200217Ia 4500 | ||
|---|---|---|---|
| 001 | CTU_198618 | ||
| 008 | 210402s9999 xx 000 0 und d | ||
| 082 | |a 633.18 | ||
| 082 | |b Ng121 | ||
| 088 | |a 60850101 | ||
| 100 | |a Dương, Thị Kiều Ngân | ||
| 245 | 0 | |a Ảnh hưởng tập quán tưới đến năng suất lúa ở vùng Đồng Tháp Mười : | |
| 245 | 0 | |b Luận văn tốt nghiệp Cao học. Chuyên ngành Quản lý tài nguyên và môi trường | |
| 245 | 0 | |c Dương Thị Kiều Ngân ; Lê Cảnh Dũng (Người hướng dẫn) | |
| 260 | |a Cần Thơ | ||
| 260 | |b Trường Đại học Cần Thơ | ||
| 260 | |c 2014 | ||
| 520 | |a Đánh giá ảnh hưởng phương thức quản lý nước tưới của người dân đến năng suất lúa, từ đó đề xuất giải pháp tưới tiết kiệm, hiệu quả trong sản xuất lúa ở Đồng Tháp Mười. | ||
| 650 | |a Rice,Cây lúa | ||
| 904 | |i Mai Minh Khoa (Thầy Hải) | ||
| 980 | |a Trung tâm Học liệu Trường Đại học Cần Thơ | ||